Language Quiz

Random Language or Country Quiz

Country Wordplay Sorting Gallery Quiz Stats

 Plays Quiz Updated Aug 7, 2017

Challenge
Share
Tweet
Embed
Score 0/30 Timer 20:00
8 Plays Today
% Correct
RWANDA
84.5%
MOZAMBIQUE
84.5%
PERU
80.7%
FIJI
78.6%
ANGOLA
77.9%
BAHRAIN
77.6%
SPAIN
77.6%
AFGHANISTAN
74.7%
GRENADA
73.1%
GERMANY
72.2%
FINLAND
71.2%
GABON
66.9%
BRAZIL
66.7%
SURINAME
65.2%
SLOVENIA
61.9%
% Correct
TURKEY
60.5%
NORWAY
60.4%
SOMALIA
60.2%
DOMINICAN REPUBLIC
58.4%
MALDIVES
57.8%
KIRIBATI
57%
NETHERLANDS
55.9%
IRAN
51.3%
MOLDOVA
47.9%
ARGENTINA
47.8%
URUGUAY
45.7%
EGYPT
40.8%
PHILIPPINES
40.8%
BENIN
38.7%
ICELAND
31.3%

You're not logged in!

Compare scores with friends on all Sporcle quizzes.
Join for Free
OR
Log In

You Might Also Like...

Show Comments

Extras

Top Quizzes Today


Score Distribution

Your Account Isn't Verified!

In order to create a playlist on Sporcle, you need to verify the email address you used during registration. Go to your Sporcle Settings to finish the process.

Report this User

Report this user for behavior that violates our Community Guidelines.

Details: